| 000 | 00741nac a22002051u 4500 | ||
|---|---|---|---|
| 010 | _a 48011214 | ||
| 035 | _a(OCoLC)1437744 | ||
| 082 |
_a621.9 _bHAI |
||
| 090 |
_c5400 _d5400 |
||
| 100 | _aHaines, Ray Edward. | ||
| 245 | 0 | 0 |
_aMetalworking, _ba handbook of tools, materials, methods and directions, _cby Ray E. Haines and [others] |
| 260 |
_aNew York, _bD. Van Nostrand Co.[1948, 1945] _c[1948, c1945] |
||
| 300 |
_avi, 153 p. _billus. _c22 cm. |
||
| 440 | 4 | _aThe Home mechanic's library | |
| 500 | _aReprinted from the Home mechanic's handbook originally pub. in 1945. | ||
| 500 | _adistributer: Al-Ahram | ||
| 511 | _acatalogued by: wessam | ||
| 650 | 0 | _aMetal-work. | |
| 942 |
_cBB _k621.9HAI |
||
| 999 |
_c5400 _d5400 |
||